GROUPS - Harry Potter and the Philosopher's Stone - Statistics

General Stats
  • This quiz has been taken 864 times
    858 since last reset
  • The average score is 23 of 29
Answer Stats
Hint Answer % Correct
Main Characters Harry Potter
99%
Main Characters Hermione Granger
99%
Main Characters Ron Weasley
99%
Hogwarts Houses Gryffindor
97%
Hogwarts Houses Slytherin
97%
Hogwarts Houses Hufflepuff
96%
Hogwarts Houses Ravenclaw
96%
Teachers Severus Snape
96%
Quidditch Positions Seeker
91%
Quidditch Balls Golden Snitch
90%
Classes Potions
89%
Teachers Minerva McGonagall
86%
Classes Defence Against the Dark Arts
84%
Things Protecting Stone Giant Chessboard
82%
Quidditch Positions Keeper
79%
Teachers Quirinus Quirrell
78%
Teachers Filius Flitwick
75%
Quidditch Positions Beater
73%
Things Protecting Stone Fluffy
72%
Classes Charms
69%
Quidditch Balls Bludger
68%
Classes Transfiguration
68%
Things Protecting Stone Winged Keys
68%
Quidditch Balls Quaffle
67%
Quidditch Positions Chaser
64%
Classes Flying
60%
Things Protecting Stone Mirror of Erised
60%
Teachers Rolanda Hooch
53%
Things Protecting Stone Devil's Snare
46%
No matching quizzes found
Score Distribution
Percent of People with Each Score
Percentile by Number Answered
Your Score History
You have not taken this quiz since the last reset